Gracie Abram's Songs - Statistics

General Stats
  • This quiz has been taken 114 times
    75 since last reset
  • The average score is 50 of 59
Answer Stats
Hint Answer % Correct
TSOUD Cool
100%
TSOU Felt Good About You
100%
TSOU Free Now
100%
TSOU I Love You, I'm Sorry
100%
TSOU Risk
100%
TSOU (feat. Taylor Swift) us.
100%
TSOU Close To You
96%
TSOU Good Luck, Charlie
96%
TSOU I Knew It, I Know You
96%
minor I miss you, I'm sorry
96%
TSOUD I Told You Things
96%
TSOUD Packing It Up
96%
TSOUD That's So True
96%
TSOU Tough Love
96%
minor 21
91%
GR Best
91%
TIWIFL Camden
91%
TIWIFL Feels Like
91%
TSOU Gave You I Gave You I
91%
TSOU Let It Happen
91%
minor minor
91%
TSOU Normal Thing
91%
minor Under / Over
91%
GR Amelie
87%
TSOU Blowing Smoke
87%
Single (w/ Noah Kahan) Everywhere, Everything
87%
minor Friend
87%
GR I know it won't work
87%
minor tehe
87%
TIWIFL The Bottom
87%
GR This is what the drugs are for
87%
TIWIFL Augusta
83%
GR Difficult
83%
GR Full machine
83%
minor Long Sleeves
83%
TIWIFL Painkillers
83%
GR Right now
83%
TIWIFL Rockland
83%
GR The blue
83%
GR Where do we go now?
83%
GRD 405
78%
GRD Block me out
78%
TIWIFL Hard to Sleep
78%
GR I should hate you
78%
Single Mess It Up
78%
GRD Two people
78%
TIWIFL Alright
74%
TIWIFL Better
74%
GR Fault line
74%
Single Unlearn
74%
GR Will you cry?
74%
Single Mean It
70%
TIWIFL Older
70%
Single Stay
70%
GRD Unsteady
70%
TIWIFL Wishful Thinking
70%
Single Brush Fire
65%
TIWIFL For Real This Time
65%
Single Cedar
52%
No matching quizzes found
Score Distribution
Percent of People with Each Score
Percentile by Number Answered
Your Score History
You have not taken this quiz since the last reset